000 00683cam a2200229 4500
001 J64385
008 000000n2001 000 0 eng u
035 _a(Sirsi) u112507
041 _aeng
050 _a333.336
110 _aInsignia Richard Ellis
_93847
245 _aRegional industrial market bulletin - Autumn 2001
260 _aLondon
_bInsignia Richard Ellis Reserach
_c2001
300 _a3p. ; 30cm.
520 _aUntil February 2000 the company was known as Richard Ellis St. Quintin
650 _aINDUSTRIAL PROPERTY
650 _aRENTAL VALUES
650 _aCAPITAL VALUES
650 _aTOTAL RETURNS
690 _aPROPERTY-COMMERCIAL PROPERTY
942 _n0
999 _c101437
_d101437